Quizzes
Events
Quiz Creation
Community
Videos
Private Events
Remove Ads
Sign In
Join for FREE
Feedback
Dark Mode
Quiz Categories
Sports
Geography
Music
Movies
Television
Just For Fun
Miscellaneous
History
Literature
Language
Science
Gaming
Entertainment
Religion
Holiday
For Kids
Quiz Lab
Recent
Popular Today
Quiz Kudos Today
Editor Picks
Curator Picks
Quizzes by...
Day
Popularity
Type
Ratings
Length
Year
Community
Subscriptions
Recent Discussions
Orange Saloon
Badges
Playlists
Quests
Create
Leaderboards
Showdown
Live 5
Trivia Bingo
Activity
Puzzle Library
Sporcle Events
Private Events
Virtual Trivia
Globe League
Become a Host
Pub Owners
SporcleCon
Opinionation
Our Games
Videos
Blog
Mobile Apps
Partnerships
Remove Ads and Go Orange
Feedback
Movies
Disney
Marvel Cinematic Universe
Movie Resume
Movie Titles
Oscar
Actor
Actress
Director
Pixar
Role
Movie Quotes
Movie Characters
Box Office
Nominee
Best Picture
Star Wars
James Bond
Horror Movies
Movies
Disney
Marvel Cinematic Universe
Movie Resume
Movie Titles
Oscar
Actor
Actress
Director
Pixar
Role
Movie Quotes
Movie Characters
Box Office
Nominee
Best Picture
Star Wars
James Bond
Horror Movies
Random Quiz
Search Sporcle
×
Quiz Lab
Quiz Lab
Movies
Oscar
Type in answers that appear in a list
Type in answers that appear in a list
Classic
Best Score? Go Orange.
11+ Oscar Nominations Stats
Can you name the films that received 11 or more Oscar nominations?
By
eam311
12m
51 Questions
70 Plays
70 Plays
70 Plays
Comments
Comments
Give Quiz Kudos
Give Quiz Kudos
-
- Ratings
hide this ad
Replay
Link that replays current quiz
Next Quiz
Link to next quiz in quiz playlist
You Got
0%
They Got
Avg Score
58%
Avg Friend Score
Upgrade to see
Score Distribution
Jump to the score distribution portion of the page
Score
0/51
Timer
12:00
0
Plays Today
Nominations
Films
% Correct
14
Titanic (11)
100%
14
La La Land (6)
94.3%
11
The Lord of the Rings: The Return of the King (11)
91.4%
13
Gone With the Wind (8)
87.1%
12
Ben-Hur (11)
87.1%
14
All About Eve (6)
85.7%
12
Schindler's List (7)
84.3%
13
Shakespeare in Love (7)
84.3%
13
Forrest Gump (6)
82.9%
13
Chicago (6)
80%
12
Gladiator (5)
77.1%
11
Saving Private Ryan (5)
75.7%
11
Gandhi (8)
72.9%
12
Dances with Wolves (7)
72.9%
13
The Lord of the Rings: The Fellowship of the Ring (4)
71.4%
12
My Fair Lady (8)
70%
11
Out of Africa (7)
68.6%
12
The King's Speech (4)
68.6%
11
Amadeus (8)
67.1%
12
The English Patient (9)
67.1%
12
The Revenant (3)
64.3%
13
From Here to Eternity (8)
64.3%
11
Terms of Endearment (5)
64.3%
11
West Side Story (10)
61.4%
12
Mrs. Miniver (6)
60%
12
Reds (3)
60%
Nominations
Films
% Correct
11
The Color Purple (0)
60%
12
On the Waterfront (8)
58.6%
11
Life of Pi (4)
55.7%
11
Rebecca (2)
54.3%
13
Mary Poppins (5)
52.9%
13
The Curious Case of Benjamin Button (3)
52.9%
11
The Godfather Part II (6)
51.4%
12
Lincoln (2)
50%
11
Sunset Boulevard (3)
48.6%
11
Oliver! (5)
48.6%
11
Hugo (5)
48.6%
11
The Turning Point (0)
47.1%
12
A Streetcar Named Desire (4)
44.3%
11
The Aviator (5)
42.9%
13
Who's Afraid of Virginia Woolf? (5)
40%
11
Chinatown (1)
40%
11
Julia (3)
38.6%
12
Becket (1)
31.4%
11
A Passage to India (2)
31.4%
11
Mr. Smith Goes to Washington (1)
30%
12
Johnny Belinda (1)
22.9%
12
The Song of Bernadette (4)
20%
11
Judgment at Nuremberg (2)
18.6%
11
Sergeant York (2)
14.3%
11
The Pride of the Yankees (1)
12.9%
Quiz Playlist
Details
Report
Send in Message
Add To Playlist
Classic:
Type in answers that appear in a list
Last Updated: Mar 1, 2017
Quiz Scoreboard
CHALLENGE
Sign Up to Join the Scoreboard
Show All
Scores
Hide
Comments
May contain spoilers
Recently Published
Pick 6: Fruits
by JohnFran
Miscellaneous
15s
Click the 1999 NBA Draft
by nibperrychub
Sports
2m
Alphabetical 'K' Countries by Flag Minefield
by ylime102
Geography
3m
More to Explore
Quiz From the Vault
Featured Blog Post
15 Basketball Trivia Facts You Can Be March Mad About
hide this ad
You Might Also Like...
Tags
Oscar Quiz
multi-oscar
Oscar Nominated
Oscar Winners
Today's Top Quizzes in Movies
Browse Movies
hide this ad
Today's Top Quizzes in Oscar
Browse Oscar
Top Contributed Quizzes in Movies
1
Pixar Reveal II
2
How Long Is the Movie Title?
3
Pixar Reveal III
4
10 Quentin Tarantino Movies in Order
5
Adjectives in 00s Movies
6
Pixar Reveal IV
7
Adjectives in 10s Movies
8
Movie Stars Gone to the Dogs
9
Pixar Reveal V
10
Adjectives in 90s Movies
Explore More
Trending Topics
NBA
Crossword
Marvel
Disney
Kpop
Anime
Harry Potter
NFL
Soccer
Country
WWE
Pokémon
Puzzle
Song
The Office
hide this ad
More By:
eam311
Quiz
Plays
Rating
Category
Featured
Created
Every Oscar Winner for Acting Since 1960
1,843
4.83
Movies
May 2, 2017
Every Oscar Nominee for Acting Born in the UK
1,570
3.75
Movies
May 11, 2020
1990-1999 Oscar Nominees
1,121
4.00
Movies
Jan 17, 2017
2010-2020 Oscar Nominees
954
3.00
Movies
Apr 26, 2016
2000-2010 Oscar Nominees
808
4.25
Movies
Jan 17, 2017
Go to Creator's Profile
Score Distribution
Quiz Creator Spotlight
eam311
Follow
Send a Message
Quizzes Created
-
Created Quiz Play Count
-
More By This Creator
Popular Quizzes Today
1
Countries of Asia Without Outlines Minefield
2
Pick 6: Fruits
3
Find the US States - No Outlines Minefield
4
Alphabetical 'K' Countries by Flag Minefield
5
Click the 1999 NBA Draft
6
The Countries of the World
7
Match the Book to the Film X
8
Find the US States
More Movies Quizzes
One Thing in Common: Movies II
Quiz Lab
Trending Quizzes
Donkey Kong Minefield
Multiplication Danger Zone
DC Extended Universe: Oldest to Newest
The 3rd Thing You Need to Know: Actresses
Minefield Map: North American Capitals
Recently Updated
Women's Final Four Teams by Year
bhenderson79
Presidents Quartet II
eogle
Anything But Clue(do)
eogle
Anything But Oceanian Capitals
eogle
Anything But 7
eogle
Anything But Thing
eogle
Word Ladder: February 29
pecheneg
Song Title Questions
pecheneg
Women's NCAA Tournament #1 Seeds
pecheneg
Celebrity Mug Shots
pecheneg
Trending Topics
Marvel
Disney
Anime
Harry Potter
NBA
Crossword
Kpop
Puzzle
Country
Pokémon
The Office
Song
NFL
WWE
Soccer
Your Account Isn't Verified!
In order to create a playlist on Sporcle, you need to verify the email address you used during registration. Go to your
Sporcle Settings
to finish the process.
Report this User
Report this user for behavior that violates our
Community Guidelines
.
Details:
Send Report
Go to the Sporcle.com Mobile Site →
Comments